000
00240nam a2200109Ia 4500
008
190216s9999||||xx |||||||||||||| ||und||
100
_a
Vasudevan Nair M T
245
0
_a
Asuravithu
260
_b
Nbs Kottayam
650
_a
Novel
942
_c
BK
999
_c
25545
_d
25545